[Event "RUS-ch (Women) sf"]
[Site "Kolontaevo"]
[Date "1997.??.??"]
[Round "?"]
[White "Minogina, Tamara"]
[Black "Reutova, Lyudmila"]
[Result "1-0"]
[WhiteElo "2245"]
[BlackElo "2115"]
[PlyCount "143"]
[EventDate "1997.??.??"]
[Source "www.chesslib.no"]
[SourceDate "2004.05.04"]

1. d4 d5 2. c4 e6 3. Nc3 Nf6 4. Bg5 Nbd7 5. e3 c6 6. Nf3 Qa5 7. cxd5 Nxd5 8. Qb3 Bd6 9. e4 Nxc3 10. bxc3 O-O 11. e5 Bc7 12. Bd3 h6 13. Bd2 c5 14. O-O a6 15. a4 Qb6 16. Qc2 Bd8 17. Bh7+ Kh8 18. Be4 Qc7 19. Qa2 Be7 20. Rfc1 Rb8 21. Bb1 Rd8 22. Qc2 Nf8 23. Qe4 b6 24. Qf4 cxd4 25. cxd4 Qd7 26. Qxf7 Bb7 27. Be3 Bd5 28. Ba2 Bxa2 29. Rxa2 Rdc8 30. Rca1 Rc6 31. h3 Rbc8 32. Rb2 Kh7 33. Qh5 Bd8 34. g4 Kg8 35. g5 hxg5 36. Nxg5 Bxg5 37. Qxg5 Qd5 38. h4 Qf3 39. h5 Nh7 40. Qh4 Rf8 41. Qh1 Qxh1+ 42. Kxh1 Rf5 43. Rab1 Rxh5+ 44. Kg2 b5 45. axb5 axb5 46. Rxb5 Nf8 47. Rb8 Rf5 48. R1b7 Rf7 49. Rxf7 Kxf7 50. Rb7+ Kg8 51. Kf3 Rc8 52. Bg5 Ra8 53. Ke4 Kh7 54. Bf6 Ng6 55. Rxg7+ Kh6 56. Rb7 Ra2 57. f4 Ra1 58. Bg5+ Kh5 59. Rb6 Re1+ 60. Kf3 Rd1 61. Ke3 Re1+ 62. Kd2 Rf1 63. Rxe6 Nxf4 64. Bxf4 Rxf4 65. Ke3 Rf1 66. Ke4 Kg5 67. Kd5 Ra1 68. Rf6 Ra5+ 69. Ke4 Ra4 70. Rf2 Kg6 71. e6 Ra7 72. Ke5 1-0

[Event "Rostock op"]
[Site "Rostock"]
[Date "2002.08.31"]
[Round "6"]
[White "Gottschalk, Jens"]
[Black "Teschke, Olaf"]
[Result "1/2-1/2"]
[WhiteElo "2166"]
[BlackElo "2184"]
[PlyCount "39"]
[EventDate "2002.08.25"]
[Source "ChessBase"]
[SourceDate "2002.11.06"]

1. d4 d5 2. c4 e6 3. Nc3 Nf6 4. Bg5 Nbd7 5. e3 c6 6. Nf3 Qa5 7. Nd2 dxc4 8. Bxf6 Nxf6 9. Nxc4 Qc7 10. Be2 Bd7 11. Rc1 Be7 12. O-O O-O 13. a3 Rfd8 14. b4 Be8 15. Qb3 b6 16. Rfd1 Nd5 17. Ne4 a5 18. bxa5 b5 19. Nb6 Nxb6 20. axb6 1/2-1/2

[Event "17th ch-EU U18 Boys"]
[Site "Sibenik CRO"]
[Date "2007.09.17"]
[Round "4"]
[White "Filip, Ma"]
[Black "Papp, T1."]
[Result "1/2-1/2"]
[WhiteElo "2050"]
[BlackElo "2281"]
[PlyCount "114"]
[EventDate "2007.09.14"]
[Source "www.chesslib.no"]
[SourceDate "2004.05.04"]

1. d4 d5 2. c4 e6 3. Nc3 Nf6 4. Bg5 Nbd7 5. e3 c6 6. Nf3 Qa5 7. cxd5 Nxd5 8. Qd2 Bb4 9. Rc1 h6 10. Bh4 e5 11. a3 Bxc3 12. bxc3 e4 13. c4 Qxa3 14. cxd5 exf3 15. dxc6 bxc6 16. gxf3 O-O 17. Be2 Ba6 18. Rxc6 Bxe2 19. Kxe2 Qa4 20. Rhc1 Ne5 21. dxe5 Qxh4 22. Rg1 Qxh2 23. Rg3 Qh5 24. Qd4 Rad8 25. Rd6 Rxd6 26. exd6 Qb5+ 27. Kd2 g6 28. Rg1 Qa5+ 29. Kd3 Qa6+ 30. Ke4 Qb5 31. Qd5 Re8+ 32. Kd4 Qb4+ 33. Kd3 Qa3+ 34. Ke2 Qb2+ 35. Kf1 Qf6 36. Ke2 Rd8 37. Rd1 Qe6 38. Qxe6 fxe6 39. Ra1 Rd7 40. f4 Kf7 41. e4 e5 42. fxe5 g5 43. Kf3 Ke6 44. Ra5 h5 45. Kg3 Rh7 46. f3 Rb7 47. Kh3 Rf7 48. Kg2 Rb7 49. Kg3 Rh7 50. Rd5 Rf7 51. Kg2 Rh7 52. Kf2 Rf7 53. Kg3 Rh7 54. Ra5 Rf7 55. Rb5 Rg7 56. Rc5 Rd7 57. Rb5 Rg7 1/2-1/2

[Event "Corr"]
[Site "?"]
[Date "2000.10.01"]
[Round "?"]
[White "Palm Ulf"]
[Black "Meier Kurt"]
[Result "1-0"]
[WhiteElo "2066"]
[BlackElo "2262"]
[PlyCount "81"]
[EventDate "2000.??.??"]
[Source "www.chesslib.no"]
[SourceDate "2004.05.04"]

1. d4 d5 2. c4 e6 3. Nc3 Nf6 4. Bg5 Nbd7 5. e3 c6 6. Nf3 Qa5 7. cxd5 Nxd5 8. Qd2 N7b6 9. Bd3 Bb4 10. Rc1 Bd7 11. a3 Bxc3 12. bxc3 Qxa3 13. e4 h6 14. Bh4 g5 15. Bg3 Ne7 16. O-O Ng6 17. Ra1 Qe7 18. Rfb1 O-O 19. Ra5 f5 20. Qa2 f4 21. Rxb6 axb6 22. Rxa8 fxg3 23. hxg3 Rxa8 24. Qxa8+ Be8 25. e5 Nf8 26. Nd2 b5 27. Ne4 Bg6 28. Nf6+ Kg7 29. Bxg6 Kxg6 30. Ne4 Kg7 31. Nd6 Qd7 32. Nxb7 Kg8 33. Nc5 Qd5 34. f3 Kf7 35. Qb7+ Ke8 36. Ne4 Nd7 37. Nd6+ Ke7 38. Qc8 Nxe5 39. dxe5 Qc5+ 40. Kh2 Qxe5 41. Qc7+ 1-0

[Event "Corsico op2"]
[Site "Corsico"]
[Date "1996.??.??"]
[Round "3"]
[White "Cazzaniga, Walter"]
[Black "Rossi, Giampiero"]
[Result "1/2-1/2"]
[WhiteElo "2190"]
[BlackElo "2130"]
[PlyCount "69"]
[EventDate "1996.??.??"]
[Source "www.chesslib.no"]
[SourceDate "2004.05.04"]

1. d4 d5 2. c4 e6 3. Nc3 Nf6 4. Bg5 Nbd7 5. e3 c6 6. Nf3 Qa5 7. Nd2 Bb4 8. Qc2 O-O 9. Be2 dxc4 10. Bxf6 Nxf6 11. Nxc4 Bxc3+ 12. bxc3 Qc7 13. O-O b6 14. Ne5 Bb7 15. Bf3 c5 16. Bxb7 Qxb7 17. c4 Rac8 18. Rac1 Rfd8 19. Rfd1 Nd7 20. f4 Nxe5 21. fxe5 Rd7 22. Rd2 Rcd8 23. Rcd1 g6 24. a4 Qc6 25. h4 cxd4 26. Rxd4 Rxd4 27. Rxd4 Rxd4 28. exd4 Qd7 29. Qd1 a5 30. Kf2 Qe7 31. g3 Kg7 32. Qf3 Qb4 33. Qf6+ Kf8 34. Qd8+ Kg7 35. Qf6+ 1/2-1/2

[Event "Foment Open"]
[Site "Foment"]
[Date "1994.??.??"]
[Round "?"]
[White "Garcia Bosch, Orlando"]
[Black "Mingo Fernandez, Matias"]
[Result "1/2-1/2"]
[WhiteElo "2200"]
[BlackElo "2110"]
[PlyCount "54"]
[EventDate "1994.??.??"]
[Source "www.chesslib.no"]
[SourceDate "2004.05.04"]

1. d4 d5 2. c4 e6 3. Nc3 Nf6 4. Bg5 Nbd7 5. e3 c6 6. Nf3 Qa5 7. cxd5 exd5 8. Qc2 Bb4 9. Bd3 O-O 10. O-O h6 11. Bh4 Re8 12. h3 Bd6 13. g4 g5 14. Bxg5 hxg5 15. Nxg5 Kg7 16. Rae1 Rh8 17. f4 Nf8 18. Ne2 Ne6 19. Bf5 Nxg5 20. fxg5 Ne4 21. Bxe4 dxe4 22. Qxe4 Rxh3 23. Rxf7+ Kxf7 24. Rf1+ Kg7 25. g6 Qd5 26. Rf7+ Qxf7 27. gxf7 Kxf7 1/2-1/2

[Event "Finkenstein Open"]
[Site "Finkenstein"]
[Date "1995.??.??"]
[Round "6"]
[White "Kragelj, Igor"]
[Black "Kiss, Judit"]
[Result "1/2-1/2"]
[WhiteElo "2255"]
[BlackElo "2055"]
[PlyCount "52"]
[EventDate "1995.??.??"]
[Source "www.chesslib.no"]
[SourceDate "2004.05.04"]

1. d4 d5 2. c4 e6 3. Nc3 Nf6 4. Bg5 Nbd7 5. e3 c6 6. Nf3 Qa5 7. Nd2 Bb4 8. Qc2 Ne4 9. Ndxe4 dxe4 10. Bh4 e5 11. Be2 O-O 12. O-O Bxc3 13. bxc3 f5 14. c5 exd4 15. cxd4 Nf6 16. Bc4+ Kh8 17. Rfb1 b5 18. cxb6 axb6 19. a4 Rb8 20. Rb2 Nd5 21. Rab1 Be6 22. Bg3 Rb7 23. Bd6 Rd8 24. Bc5 Rdb8 25. Bd6 Rd8 26. Bc5 Rdb8 1/2-1/2